Case studies in post-construction liability and insurance

Bibliographic Details
Corporate Author: ProQuest (Firm)
Other Authors: Lavers, Anthony P.
Format: Electronic eBook
Language:English
Published: London ; New York : E & FN Spon, 1999.
Subjects:
Online Access:Click to View
LEADER 01259nam a22003494a 4500
001 EBC235102
003 MiAaPQ
005 20200520144314.0
006 m o d |
007 cr cn|||||||||
008 990129s1999 enk sb 001 0 eng
010 |z  99017528  
020 |z 0419245707 
035 |a (MiAaPQ)EBC235102 
035 |a (Au-PeEL)EBL235102 
035 |a (CaPaEBR)ebr10017398 
035 |a (CaONFJC)MIL14333 
035 |a (OCoLC)936903954 
040 |a MiAaPQ  |c MiAaPQ  |d MiAaPQ 
050 4 |a K891.B8  |b C37 1999 
082 0 4 |a 343/.078624  |2 21 
245 0 0 |a Case studies in post-construction liability and insurance  |h [electronic resource] /  |c edited by Anthony Lavers. 
260 |a London ;  |a New York :  |b E & FN Spon,  |c 1999. 
300 |a xix, 323 p. 
504 |a Includes bibliographical references and index. 
533 |a Electronic reproduction. Ann Arbor, MI : ProQuest, 2015. Available via World Wide Web. Access may be limited to ProQuest affiliated libraries. 
650 0 |a Construction contracts. 
650 0 |a Liability insurance. 
655 4 |a Electronic books. 
700 1 |a Lavers, Anthony P. 
710 2 |a ProQuest (Firm) 
856 4 0 |u https://ebookcentral.proquest.com/lib/matrademy/detail.action?docID=235102  |z Click to View